书目信息 |
| 题名: |
记忆与光照
|
|
| 作者: | 周伟驰 著 | |
| 分册: | ||
| 出版信息: | 北京 社会科学文献出版社 2001.4 |
|
| 页数: | 284页 | |
| 开本: | 20cm | |
| 丛书名: | 思想文库 | |
| 单 册: | ||
| 中图分类: | B503.1 | |
| 科图分类: | ||
| 主题词: | 哲学--欧洲 | |
| 电子资源: | ||
| ISBN: | 7-80149-488-1 | |
| 000 | 00850nam0 2200253 45 | |
| 001 | 0201271510 | |
| 005 | 20031219104053.2 | |
| 010 | @a7-80149-488-1@dCNY17.00 | |
| 100 | @a20020127d2001 km y0chiy0120 ea | |
| 101 | 0 | @achi |
| 105 | @a z 000yy | |
| 200 | 1 | @a记忆与光照@AJi Yi Yu Guang Zhao@e奥古斯丁神哲学研究@EAo Gu Si Ding Shen Zhe Xue Yan Jiu@f周伟驰著@FZhou Wei Chi Zhu |
| 210 | @a北京@c社会科学文献出版社@d2001.4 | |
| 215 | @a284页@d20cm | |
| 225 | @a思想文库@i宗教与思想丛书@f卓新平主编 | |
| 410 | @12001 @a思想文库 | |
| 410 | @1700 0@a卓新平@AZhuo Xin Ping@4主编 | |
| 517 | @a奥古斯丁神哲学研究@AAo Gu Si Ding Shen Zhe Xue Yan Jiu | |
| 600 | 0 | @a奥古斯丁@bA@f(354~430)@x哲学思想@x研究 |
| 606 | 0 | @a哲学@x欧洲 |
| 690 | @aB503.1@v4 | |
| 701 | 0 | @a周伟驰@4著 |
| 801 | @aCN@bTSTC@c20020127 | |
| 905 | @b305865-867@dB503.1@e45@f3 | |
| 记忆与光照:奥古斯丁神哲学研究/周伟驰著.-北京:社会科学文献出版社,2001.4 |
| 284页;20cm.-(思想文库.宗教与思想丛书/卓新平主编) |
| ISBN 7-80149-488-1:CNY17.00 |
| ● |
| 相关链接 |
|
|
|
|
正题名:记忆与光照
索取号:B503.1/45
 
预约/预借
| 序号 | 登录号 | 条形码 | 馆藏地/架位号 | 状态 | 备注 |
| 1 | 0305865 | 203058653 | 第一借阅区/ [索取号:B503.1/45] | 在馆 | |
| 2 | 0305866 | 203058662 | 第一借阅区/ [索取号:B503.1/45] | 在馆 | |
| 3 | 0305867 | 203058671 | 第一样本阅览室/ [索取号:B503.1/45] | 在馆 |